Domino's Groningen 3 - Statistieken

Algemene statistieken
  • Deze quiz is 10 keer genomen
  • De gemiddelde score is 44 van 211
Antwoordstatistieken
Antwoord % Correct
Damsport
75%
Paterswoldseweg
75%
Peizerweg
75%
Rabenhauptstraat
75%
S.O.J. Palmelaan
75%
Berkelstraat
63%
Bezettingslaan
63%
Eendrachtskade
63%
Hereweg
63%
Hoornsediep
63%
Parkweg
63%
Rijnstraat
63%
Schaaksport
63%
Vechtstraat
63%
16 Aprillaan
50%
Abel Tasmanplein
50%
Admiraal de Ruyterlaan
50%
Canadalaan
50%
Davidstraat
50%
Donderslaan
50%
Driehovenstraat
50%
Invasiestraat
50%
Laan van de Vrede
50%
Laan van de Vrijheid
50%
Lingestraat
50%
Maaslaan
50%
Madame Curiestraat
50%
M.L. Kingstraat
50%
Rode Kruislaan
50%
Sabotagelaan
50%
Van Brakelplein
50%
Van Heemskerckstraat
50%
Verzetsstrijderslaan
50%
Abel Tasmanstraat
38%
Barestraat
38%
Boerhaavelaan
38%
De Kring
38%
Droppingsveld
38%
Duurswoldlaan
38%
Eemsgolaan
38%
Flemingstraat
38%
Hippocrateslaan
38%
Humsterlandlaan
38%
J.M. den Uylstraat
38%
Koeriersterweg
38%
Laan Corpus den Hoorn
38%
Lauwersstraat
38%
Lepelaar
38%
Marnelaan
38%
Muntinglaan
38%
Ooster Badstraat
38%
Overwinningsplein
38%
Theodorus Niemeyerstraat
38%
Wenckebachlaan
38%
Wester Badstraat
38%
Witte de Withstraat
38%
A. Jacobsstraat
25%
Campinglaan
25%
Concourslaan
25%
Drentselaan
25%
Eeldersingel
25%
Fivelgolaan
25%
Galenuslaan
25%
Geulstraat
25%
Grunostraat
25%
G. Sterringastraat
25%
Hayo Ripperdalaan
25%
Henri Dunantlaan
25%
Huygensstraat
25%
IJsselstraat
25%
Illegaliteitslaan
25%
Jan van Galenstraat
25%
Kamerlingh Onnesstraat
25%
Kochstraat
25%
Kuifeend
25%
Langewoldlaan
25%
Merwedestraat
25%
Oude Badweg
25%
Pasteurlaan
25%
S. Allendeplein
25%
Semmelweisstraat
25%
Snelliusstraat
25%
Snip
25%
Sportlaan
25%
Ter Borchlaan
25%
Van der Doesstraat
25%
Van Swietenplein
25%
Veenweg
25%
Westinghousestraat
25%
Aalscholver
13%
Achterom
13%
Aduarderstraat
13%
Alberdina Beerlinglaan
13%
Amstelstraat
13%
Borchsingel
13%
D.D. Eisenhowerstraat
13%
De Grasjuffer
13%
De Keizerlibel
13%
De Vuurjuffer
13%
De Waterjuffer
13%
D.H.A.C. Hammarskjöldstraat
13%
Dorus Rijkersstraat
13%
E.G. Balchstraat
13%
Einthovenlaan
13%
F.D. Rooseveltstraat
13%
F. Leggerstraat
13%
Fongersplaats
13%
G.C. Marshallstraat
13%
Gijzelaarslaan
13%
G.J. Boekhovenstraat
13%
Groningerweg
13%
Grutto
13%
Hovenstraat
13%
H.S. Trumanstraat
13%
Hunsingolaan
13%
Jennerstraat
13%
J.H. Diemerstraat
13%
K. Adenauerstraat
13%
Kleine Badstraat
13%
Kortenaerstraat
13%
Landsteinerlaan
13%
L.B. Pearsonstraat
13%
Lekstraat
13%
L.M. van Noppenstraat
13%
Marwixkade
13%
Oldambtlaan
13%
Otto Cluivinglaan
13%
Piccardtlaan
13%
Piet Heinstraat
13%
R. Doumastraat
13%
Roerdomp
13%
Rozenburglaan
13%
Scheldestraat
13%
Scheperseiland
13%
Schweitzerlaan
13%
Stadspark
13%
Sylviuslaan
13%
Ubbegalaan
13%
Van der Waalsstraat
13%
Van Leeuwenhoekstraat
13%
Van Speijkstraat
13%
Van Wassenaerstraat
13%
Viaductstraat
13%
Vredewoldlaan
13%
W.L.S. Churchillstraat
13%
Zweerdeneiland
13%
Achterweg
0%
A.J. Lutulistraat
0%
A. Morostraat
0%
Badhuisplein
0%
Bruilweering
0%
B.S.F. von Suttnerstraat
0%
C.G. Wichmannstraat
0%
C. Pothuisstraat
0%
Cunera van Wahrenlaan
0%
De Azuurjuffer
0%
De Oeverlibel
0%
Dieselstraat
0%
Distributiestraat
0%
Eelderstraat
0%
Garmpoleiland
0%
G. Meirstraat
0%
Hendrickjen Hartliefslaan
0%
Hoornsedijk
0%
James Wattstraat
0%
Jan Warmoltslaan
0%
J.F. Kennedystraat
0%
Johan van Welveldelaan
0%
J. Wagenaarstraat
0%
Lorentzstraat
0%
Madijk
0%
Marwixhof
0%
M.K. Gandhiplein
0%
Mulock Houwerlaan
0%
M. Wibautstraat
0%
Neerwoldeiland
0%
Onderduikersstraat
0%
Oriëntatielaan
0%
Paracelsusstraat
0%
Paviljoenlaan
0%
Peizerbaan
0%
P.J. Noël Bakerstraat
0%
Reggestraat
0%
Reiderlandlaan
0%
Rivierenhof
0%
R. Schumanstraat
0%
Rutger van Dongenlaan
0%
R. Vosstraat
0%
Samuel Nijsinghlaan
0%
Siemensstraat
0%
Spaarnestraat
0%
Stephensonstraat
0%
Theodora Ellentslaan
0%
T.W.S. Mansholtstraat
0%
Ubbinkseiland
0%
Veenhof
0%
Warmoltseiland
0%
Waterhoen
0%
W. Dreesstraat
0%
Weemhofseiland
0%
Westerwoldelaan
0%
Willem Plojterlaan
0%
Woltsingel
0%
Zaanstraat
0%
Zwaan
0%
Geen overeenkomende quizzen gevonden
Scoreverdeling
Procent van Mensen met Elke Score
Percentiel versus Aantal Correcte Antwoorden
Uw Scoregeschiedenis
U heeft deze quiz nog niet genomen